Aurora, Texas, the town that might have been /

Bibliographic Details
Main Author: Pegues, Etta Bearden
Format: Book
Language:English
Published: Newark,Texas : E. Peques, [1975]
Subjects:

MARC

Tag First Indicator Second Indicator Subfields
LEADER 00000cam a2200000 i 4500
001 in00000048183
005 20190207093406.0
008 751111s1975 txuabc 00010deng d
035 |a (OCoLC)01825527 
035 |9 AAE2278AM 
040 |a IEA  |c IEA  |d TXA  |d UtOrBLW 
049 |a TXAS  |c [1103015] 
090 |a F392.W8  |b P458 
100 1 |a Pegues, Etta Bearden. 
245 1 0 |a Aurora, Texas, the town that might have been /  |c by Etta Pegues. 
264 1 |a Newark,Texas :  |b E. Peques,  |c [1975] 
264 4 |c ©1975 
300 |a 70 pages :  |b illustrations, maps, portraits ;  |c 21 cm. 
336 |a text  |b txt  |2 rdacontent 
337 |a unmediated  |b n  |2 rdamedia 
338 |a volume  |b nc  |2 rdacarrier 
500 |a The Cushing Library/Chapman Texas Collection copy is part of the Floyd & Louise Chapman Texas & Borderlands Collection.  |5 TXA 
500 |a Author's autograph copy. 
651 0 |a Wise County (Tex.)  |x History. 
651 0 |a Aurora, Tex.  |x History. 
999 |a MARS 
999 f f |s 59301486-024f-3352-846d-afa089240aa2  |i 4f0586a8-809d-3346-9117-5623eb818e22  |t 0 
952 f f |p noncirc  |a Texas A&M University  |b College Station  |c Cushing Memorial Library & Archives  |d Cushing: Chapman Texas Collection (Does not check out)  |t 0  |e F392.W8 P458  |h Library of Congress classification  |i unmediated -- volume 
998 f f |a F392.W8 P458  |t 0  |l Cushing: Chapman Texas Collection (Does not check out)